000 00863nam a2200265Ia 4500
005 20220317001224.0
008 160825s2009 sp g 000 0 spa
020 _a97884206561012
100 1 _aSalinas, Pedro
_d1891-1951
245 1 0 _aAntología poética
_cPedro Salinas
250 _a1a. edición
_b2a. reimpresión
300 _a190 páginas
_c17 cm
490 _aEl libro de bolsillo
_pbiblioteca de autor
650 1 4 _2LEMB
_aPoesía española
_ySiglo XX
650 1 4 _2LEMB
_aLiteratura española
_ySiglo XX
650 1 4 _2LEMB
_aNostalgia en la literatura
650 1 4 _2LEMB
_aAmor en la literatura
942 _2loc
_cBKLIT
264 _aMadrid
_bAlianza
_c2009
336 _atexto
_btxt
_2rdacontent
337 _asin mediación
_bn
_2rdamedia
338 _avolumen
_bnc
_2rdacarrier
040 _aCO-BoRNBP
_bspa
_erda
_cCO-BoRNBP
084 _aP SAL2
999 _c6296
_d6296